000 00731cab a2200253 4500
001 A28
008 090401t1991 xxu||||| |||| 00| 0 eng d
035 _a(Sirsi) u31758
041 _aeng
245 _aHunter v J & E Shepherd
260 _c1991
350 _a0
490 _aCountry Landowner
_vApril 1991, 128-129(2) item 554
520 _aOriginally reported in Scotsman 10 April 1991. Followed Martin v Bell-Ingram 1986 CLY 3625. (ABS37125)
650 _aALTERNATIVE ACCOMMODATION
650 _aCOSTS
650 _aMEASURE OF DAMAGES
650 _aNEGLIGENCE
650 _aSCOTLAND
650 _aSURVEYORS
690 _aMANAGEMENT-BUSINESS MANAGEMENT-PROFESSIONAL PRACTICE
942 _n0
948 _c04/03/1997
999 _c21319
_d21319